On This Day: September 11th Quiz Stats

Quiz Updated Sep 11, 2017

Challenge
Share
Tweet
Embed
Score 0/7 Timer 03:00
0 Plays Today
Question Answer Wrong Answers
A series of attacks coordinated by al-Qaeda occur in the US. Two hijacked planes crash into the World Trade Center, while a third smashes into the Pentagon. A fourth plane crashes into a field near Shanksville, ______.
2001
Pennsylvania
89.7%
Massachusetts
2.6%
Vermont
1.4%
New Jersey
3.8%
A coup in Chile headed by this man topples the democratically elected president Salvador Allende.
1973
Augusto Pinochet
79.6%
Jorge Rafael Videla
8.3%
Sebastián Piñera
8.5%
Patricio Aylwin
1.3%
President Harry S. Truman approves military operations north of the ______ parallel as part of the Korean War.
1950
38th
74.2%
28th
12.6%
18th
8.2%
8th
3.3%
This famous diamond, along with other French crown jewels, are stolen when six men break into the house where they are stored.
1792
Hope Diamond
73%
Centenary Diamond
4.3%
Koh-i-Noor
11.8%
Regent Diamond
9.7%
This city, the capital of Catalonia, surrenders to Spanish and French Bourbon armies in the War of Spanish Succession.
1714
Barcelona
70.7%
Pamplona
13.9%
Bilbao
8.3%
Málaga
6.9%
The US consulate in this Libyan city is attacked, resulting in four deaths.
2012
Benghazi
69.7%
Tripoli
24.9%
Misurata
1.3%
Tobruk
1.4%
With his 4,192nd hit, Pete Rose breaks this man’s MLB record for most career hits.
1985
Ty Cobb
54.3%
Ted Williams
17.5%
Mickey Mantle
21.1%
Stan Musial
4.7%

Today's Daily Dose

You're not logged in!

Compare scores with friends on all Sporcle quizzes.
Sign Up with Email
OR
Log In

You Might Also Like...

Show Comments

Extras

Top Quizzes Today


Score Distribution

Your Account Isn't Verified!

In order to create a playlist on Sporcle, you need to verify the email address you used during registration. Go to your Sporcle Settings to finish the process.